| 000 | 00471 a2200169 4500 | ||
|---|---|---|---|
| 003 | Nust | ||
| 005 | 20170207153431.0 | ||
| 040 | _cNust | ||
| 082 | _a005.1 | ||
| 100 | _aZahid , NC Muazma BESE-08 | ||
| 245 |
_aWavelet based ventricular tachyarrhythmia (VT) detection system _cNC Muazma Zahid , TC Umair Ahsan & Capt Zahid Sultan BESE-08 |
||
| 260 |
_bMCS _c2006 |
||
| 300 | _a125 p | ||
| 538 | _aAlmirah No 71 Shelf No 5 | ||
| 650 | _aUG Projects | ||
| 651 | _aUG CS Projects | ||
| 942 | _cTHS | ||
| 999 |
_c186137 _d186137 |
||